Cartas filosóficas sobre dogmatismo y criticismo
Salvato in:
| Autore principale: | |
|---|---|
| Natura: | Libro |
| Lingua: | spagnolo |
| Pubblicazione: |
Madrid
Abada Editores
2009
|
| Serie: | Lecturas de Filosofía
|
| Soggetti: | |
| Tags: |
Aggiungi Tag
Nessun Tag, puoi essere il primo ad aggiungerne!!
|
MARC
| LEADER | 00000cam a2200000 a 4500 | ||
|---|---|---|---|
| 001 | UCF6047 | ||
| 003 | CL-VaPUC | ||
| 008 | 130411e20090000SP |||||||||||||||||spa|d | ||
| 020 | |a 9788496775411 | ||
| 082 | 0 | 4 | |a 148 |b SCH |2 21 |
| 100 | 0 | |a Schelling, Friedrich Wilhelm Joseph |e author |9 568050 | |
| 245 | 1 | 0 | |a Cartas filosóficas sobre dogmatismo y criticismo |
| 300 | |a 246 p | ||
| 942 | |c BK | ||
| 945 | |d 20130411 00:00:00 |a dcastane | ||
| 260 | |a Madrid |b Abada Editores |c 2009 | ||
| 650 | 0 | |a Filosofía alemana |9 265002 | |
| 650 | 7 | |a DOGMATISMO |2 CL-VaPUC |9 337265 | |
| 650 | 0 | |a Escuelas filosóficas |9 266232 | |
| 650 | 0 | |a Ensayos |9 268724 | |
| 583 | |a last modification |c 20150907 10:48:48 |k Rodrigo Vera | ||
| 490 | 0 | |a Lecturas de Filosofía | |
| 999 | |c 351396 |d 351394 | ||
| 952 | |0 0 |1 0 |4 0 |6 148_000000000000000_SCH_2009 |7 0 |8 A |9 455477 |a BIBEDU |b BIBEDU |d 2019-11-22 |i 4962281 |l 1 |o 148 SCH 2009 |p 4962281 |r 2023-12-14 |s 2023-11-30 |w 2019-11-22 |y BK |k FIL | ||